000 00294nam a2200109Ia 4500
008 200302s9999 xx 000 0 und d
100 _aChristopher Dell
245 _aMythology : The Complete Guide To Our Imagined Worlds
260 _bThames and Hudson, London
260 _c2012
300 _a352 P
999 _c4778
_d4778